| 000 | 02011nam a2200409 i 4500 | ||
|---|---|---|---|
| 001 | 000008995 | ||
| 003 | DO-SdBNP | ||
| 005 | 20260309100703.0 | ||
| 007 | ta | ||
| 008 | 090922t1984 dr 000 e spa d | ||
| 040 |
_aDO-SdBNP _bspa _cBNPHU _erda |
||
| 041 | _aspa | ||
| 082 | 4 |
_aRD864.44 _bC422sE _222 |
|
| 100 | 1 |
_aCéspedes, Diógenes, _d1941- _eautor _4aut. _920548 |
|
| 245 | 1 | 0 |
_aSeis ensayos sobre poética latinoamericana / _cDiógenes Céspedes. |
| 264 | 1 |
_aSanto Domingo : _bTaller, _c1984. |
|
| 300 |
_a220 páginas ; _c23 cm. |
||
| 336 |
_atexto _btxt _2rdacontent |
||
| 337 |
_asin mediación _bn _2rdamedia |
||
| 338 |
_avolumen _bnc _2rdacarrier |
||
| 500 | _aIncluye referencias bibliográficas y notas al pie de las páginas. | ||
| 500 | _aIncluye datos biográficos del autor en la contracubierta. | ||
| 504 | _aBibliografía : páginas 217-218. | ||
| 505 | 0 |
_aIntroducción -- _tSituación de Rubén Darío ante el lenguaje y la poesía -- _tPedro Henríquez Ureña: lingüística y poesía -- _tAlfonso Reyes: poética y política de la traducción -- _tLos rechazos de Jorge Luis Borges -- _tPablo Neruda: ¿por o contra la poesía? -- _tEl funcionamiento de lo sagrado en la teoría poética de Octavio Paz -- _gConclusión -- _gBibliografía. |
|
| 600 | 1 | 4 |
_aRuben Darío, _d1867-1916 _xCrítica e interpretación _923605 |
| 600 | 1 | 0 |
_aHenríquez Ureña, Pedro, _d1884-1946 _91718 |
| 600 | 1 | 0 |
_aReyes, Alfonso _d1889-1959 _xCrítica e interpretación _923607 |
| 600 | 1 | 0 |
_aBorges, Jorge Luis, _d1899-1986 _xCrítica e interpretación _94173 |
| 600 | 1 | 0 |
_aNeruda, Pablo, _d1904-1973 _xCrítica e interpretación _923609 |
| 600 | 1 | 0 |
_aPaz, Octavio, _d1914-1998 _xCrítica e interpretación _923610 |
| 650 | 4 |
_aLiteratura hispanoamericana _xHistoria y crítica _96273 |
|
| 650 | 4 |
_aPoesía hispanoamericana _xCrítica e interpretación _916922 |
|
| 650 | 4 |
_aEnsayos dominicanos _965 |
|
| 650 | 4 |
_aLiteratura dominicana. _967 |
|
| 910 | _aValidado. Control de calidad EMS. | ||
| 942 |
_2ddc _cLBS1 |
||
| 999 |
_c8759 _d8759 |
||